<?xml version="1.0" encoding="UTF-8"?>
<collection xmlns="http://www.loc.gov/MARC21/slim">
 <record>
  <leader>00364pamaa2200133   4500</leader>
  <controlfield tag="001">0000016411</controlfield>
  <controlfield tag="005">20060927090000.0</controlfield>
  <datafield tag="020" ind1="0" ind2="0">
   <subfield code="a">0852922779 </subfield>
  </datafield>
  <datafield tag="090" ind1="0" ind2="0">
   <subfield code="a">T11 </subfield>
   <subfield code="b">FLE 1983</subfield>
  </datafield>
  <datafield tag="100" ind1="1" ind2="0">
   <subfield code="a">FLETCHER </subfield>
  </datafield>
  <datafield tag="245" ind1="1" ind2="0">
   <subfield code="a">How to write a report  </subfield>
   <subfield code="c">John Fletcher.</subfield>
  </datafield>
  <datafield tag="260" ind1="0" ind2="0">
   <subfield code="a">Chichester: </subfield>
   <subfield code="b">Ilustrated of Personel management, </subfield>
   <subfield code="c">1983.</subfield>
  </datafield>
  <datafield tag="300" ind1=" " ind2=" ">
   <subfield code="a">viii, 68p; </subfield>
   <subfield code="c">21.5cm.</subfield>
  </datafield>
  <datafield tag="650" ind1="0" ind2="0">
   <subfield code="a">Technical writing </subfield>
  </datafield>
 </record>
</collection>
